| 000 | 00608cab a2200217 4500 | ||
|---|---|---|---|
| 001 | WB2722-37 | ||
| 008 | 090401t1991 xxu||||| |||| 00| 0 eng d | ||
| 035 | _a(Sirsi) u2020 | ||
| 041 | _aeng | ||
| 245 | _aHRussian property for sale | ||
| 260 | _c1991 | ||
| 350 | _a0 | ||
| 490 |
_aBuilding _vvol 256 no 23 7/6/91 p15 |
||
| 520 | _aWestern firms will be able to buy up to 40% of privatised Russian property on the Soviet stock exchange by the end of 1995. | ||
| 650 | _aPRIVATISATION | ||
| 650 | _aSOVIET UNION | ||
| 650 | _aUSSR | ||
| 690 | _aOVERSEAS-EUROPE | ||
| 942 | _n0 | ||
| 948 | _c04/03/1997 | ||
| 999 |
_c1199 _d1199 |
||